The Motley Fool Investment Guide : (Record no. 22141)

MARC details
000 -LEADER
fixed length control field 00928nam a22003137a 4500
003 - CONTROL NUMBER IDENTIFIER
control field IBSLLIB
005 - DATE AND TIME OF LATEST TRANSACTION
control field 20260515074743.0
008 - FIXED-LENGTH DATA ELEMENTS--GENERAL INFORMATION
fixed length control field 260515b |||||||| |||| 00| 0 eng d
020 ## - INTERNATIONAL STANDARD BOOK NUMBER
International Standard Book Number 0684827034
040 ## - CATALOGING SOURCE
Original cataloging agency IBSLLIB
Language of cataloging English
041 ## - LANGUAGE CODE
Language code of original Eng
082 ## - DEWEY DECIMAL CLASSIFICATION NUMBER
Classification number 332.6
Item number DAV
100 ## - MAIN ENTRY--PERSONAL NAME
Personal name David
245 ## - TITLE STATEMENT
Title The Motley Fool Investment Guide :
Remainder of title How the fool beats wall street's wise men and how you can too
260 ## - PUBLICATION, DISTRIBUTION, ETC. (IMPRINT)
Place of publication, distribution, etc. New York :
Name of publisher, distributor, etc. Simon & Schuster Inc ,
Date of publication, distribution, etc. 1996
300 ## - PHYSICAL DESCRIPTION
Extent 297 p ;
Dimensions 22 cm
505 ## - FORMATTED CONTENTS NOTE
Formatted contents note Who, What, Why, and How
505 ## - FORMATTED CONTENTS NOTE
Formatted contents note The Dow dividend strategy
505 ## - FORMATTED CONTENTS NOTE
Formatted contents note Building foolish investment portfolio
505 ## - FORMATTED CONTENTS NOTE
Formatted contents note Small cap growth stocks
505 ## - FORMATTED CONTENTS NOTE
Formatted contents note Shorting stocks
505 ## - FORMATTED CONTENTS NOTE
Formatted contents note Conclusion
650 ## - SUBJECT ADDED ENTRY--TOPICAL TERM
Topical term or geographic name as entry element Social science
650 ## - SUBJECT ADDED ENTRY--TOPICAL TERM
Topical term or geographic name as entry element Economics
653 ## - INDEX TERM--UNCONTROLLED
Uncontrolled term Portfolio management
653 ## - INDEX TERM--UNCONTROLLED
Uncontrolled term Investment analysis
700 ## - ADDED ENTRY--PERSONAL NAME
Personal name Gardner , Tom
Relator term Co-Author
942 ## - ADDED ENTRY ELEMENTS (KOHA)
Koha item type Lending Book
Holdings
Withdrawn status Lost status Damaged status Not for loan Collection code Permanent Location Current Location Shelving location Date acquired Source of acquisition Inventory number Full call number Barcode Koha item type
        Lending Collection IBSL Library IBSL Library Lending Section 30/04/2026 Donation 10890 332.6 DAV 10890 Lending Book
Copyright © 2024 IBSL Library, All rights reserved.
mail to: library@ibsl.lk | Contact: 0112425735 | Library Address: IBSL Library, 80A, Elvitigala Mawatha, Colombo 008